| Поле | Инд. | ПП | Название | Значение |
|---|---|---|---|---|
| Тип записи | a | |||
| Библиографический уровень | a | |||
| 001 | Контрольный номер | e5cc0f9c58d34509a6e9683b5f220132 | ||
| 005 | Дата корректировки | 20220113103653.3 | ||
| 040 | a | Служба первич. каталог. | НБ ТвГУ | |
| b | Код языка каталог. | rus | ||
| e | Правила каталог. | PSBO | ||
| 041 | 0_ | a | Код языка текста | rus |
| 097 | b | Оператор | Komarova.ES | |
| 098 | b | Факультет | Филологический | |
| c | Кафедра | Журналистики, рекламы и связей с общественностью | ||
| 100 | 1_ | a | Автор | Абрамова Екатерина Игоревна |
| q | Полное имя | Абрамова Е. И. | ||
| 245 | 10 | a | Заглавие | О заголовках анонсов (на материале портала Tverlife) |
| 260 | a | Место издания | Тверь | |
| b | Издательство | Тверской государственный университет | ||
| 504 | a | Библиография | Библиогр.: с. 69 (4 назв.) | |
| 520 | 0_ | a | Аннотация | Данная статья рассматривает проблему заголовков журналистских материалов, анонсирующих события театральной жизни города Твери. Для анализа был выбран портал Tverlife, освещающий культурные события Верхневолжья. Успешно реализуя информативную функцию, заголовки анонсов в разделе «Афиша. Театры» не отличаются 67 оригинальностью и не способны включить аудиторию в игровой культурный контекст, отвечающий современным запросам. |
| 653 | 0_ | a | Ключевые слова | Афиша |
| a | Ключевые слова | Запросы | ||
| a | Ключевые слова | Анонс | ||
| a | Ключевые слова | Заголовок | ||
| a | Ключевые слова | Событийный портал Tverlife | ||
| a | Ключевые слова | Труды Тверского государственного университета | ||
| 773 | 18 | w | Контрольный № источника | c727089327994f68971704e6e67dc3f5 |
| t | Название источника | СМИ в онтологическом и культурном пространстве славянского мира. Дни славянской письменности и культуры | ||
| d | Место и дата издания | Тверь : Тверской государственный университет, 2021 | ||
| g | Прочая информация | С. 66-69 | ||
| 901 | t | Тип документа | a | |
| 920 | a | Оператор | Кома | |
| 954 | b | Дата поступления в ОК | 20220113 |